[Event "VI Open Inverno Vomero"]
[Site "Napoli ITA"]
[Date "2011.02.11"]
[Round "5"]
[White "Schiappoli, Dario"]
[Black "Di Meo, Antonio"]
[Result "1/2-1/2"]
[WhiteElo "1947"]
[BlackElo "1966"]
[PlyCount "29"]
[EventDate "2011.01.14"]

1. e4 c6 2. d4 d5 3. Nc3 dxe4 4. Nxe4 Bf5 5. Ng3 Bg6 6. Nh3 Nf6 7. Nf4 e6 8. h4
Bd6 9. h5 Bf5 10. Nxf5 exf5 11. Qd3 Qe7+ 12. Be2 Qe4 13. f3 Qxd3 14. Bxd3 O-O
15. Bxf5 1/2-1/2

[Event "VI Open Inverno Vomero"]
[Site "Napoli ITA"]
[Date "2011.02.11"]
[Round "5"]
[White "Franzese, Luigi"]
[Black "Zinnai, Graziano Matteo"]
[Result "0-1"]
[WhiteElo "1890"]
[BlackElo "1807"]
[PlyCount "80"]
[EventDate "2011.01.14"]

1. Nf3 d5 2. c4 c6 3. b3 Nf6 4. Bb2 Bf5 5. g3 Nbd7 6. cxd5 cxd5 7. Bg2 e6 8.
O-O Be7 9. d3 O-O 10. Nd4 Bg6 11. Nd2 Qb6 12. N2f3 Rac8 13. e3 Qa6 14. Ne1 Nc5
15. Qd2 Nxd3 16. Nxd3 Bxd3 17. Rfd1 Bg6 18. Bf1 Qb6 19. Nb5 Rc2 20. Bd4 Rxd2
21. Bxb6 Rxd1 22. Rxd1 axb6 23. Rc1 Bc5 24. a3 Ne4 25. b4 Be7 26. Rc7 Bf6 27.
Rxb7 h6 28. Rxb6 Nd2 29. Be2 Rc8 30. Kg2 Rc2 31. a4 Be4+ 32. Kh3 Nf3 33. Bxf3
Bxf3 34. Nd4 Bxd4 35. exd4 Rxf2 36. a5 Bg2+ 37. Kg4 f5+ 38. Kh5 Kf7 39. Kh4 Bf1
40. h3 Rh2 0-1

[Event "VI Open Inverno Vomero"]
[Site "Napoli ITA"]
[Date "2011.02.11"]
[Round "5"]
[White "Caiazzo, Diego"]
[Black "Cerrato, Roberto"]
[Result "1/2-1/2"]
[WhiteElo "1863"]
[BlackElo "1822"]
[PlyCount "59"]
[EventDate "2011.01.14"]

1. Nf3 d5 2. b3 Bg4 3. e3 Nd7 4. Bb2 Ngf6 5. Be2 e6 6. O-O Bd6 7. d4 c6 8. Nbd2
Qc7 9. h3 Bh5 10. c4 Rc8 11. c5 Be7 12. b4 O-O 13. a4 b6 14. Nh4 Bxe2 15. Qxe2
Rfe8 16. Nhf3 Rb8 17. Rfb1 bxc5 18. Bc3 cxb4 19. Bb2 a5 20. Nb3 Ne4 21. Rc1 Qb6
22. Nfd2 Nxd2 23. Qxd2 Rec8 24. Rc2 f6 25. Rac1 Rb7 26. Qe2 Rbc7 27. e4 Kf7 28.
Qh5+ Kg8 29. Qe2 Kf7 30. Qh5+ 1/2-1/2

[Event "VI Open Inverno Vomero"]
[Site "Napoli ITA"]
[Date "2011.02.11"]
[Round "5"]
[White "Taurisano, Vincenzo"]
[Black "Parente, Giuseppe"]
[Result "1-0"]
[WhiteElo "1863"]
[BlackElo "1703"]
[PlyCount "105"]
[EventDate "2011.01.14"]

1. d4 Nf6 2. c4 e6 3. Nc3 Bb4 4. e3 c5 5. Nf3 d5 6. Bd3 a6 7. O-O dxc4 8. Bxc4
b5 9. Be2 cxd4 10. exd4 O-O 11. Bg5 Bb7 12. a4 bxa4 13. Nxa4 Be7 14. Qc2 Nbd7
15. Nc5 Qc8 16. b4 h6 17. Bh4 g5 18. Bg3 Nd5 19. Qd2 Nxc5 20. bxc5 Rd8 21. Bd3
Nc7 22. Ne5 Rxd4 23. Bh7+ Kxh7 24. Qxd4 Nb5 25. Qd3+ Kg7 26. c6 Bxc6 27. Rfc1
Bf6 28. Rxc6 Qb7 29. Rac1 Rd8 30. Qe3 Nd4 31. Rc7 Qb2 32. h3 Nf5 33. Qc5 Nxg3
34. Nxf7 Qxc1+ 35. Qxc1 Ne2+ 36. Kf1 Nxc1 37. Nxd8+ Kg6 38. Nxe6 Nb3 39. Nc5
Nd2+ 40. Ke2 Nb1 41. Nxa6 Nc3+ 42. Kd3 Nd5 43. Rc6 Nf4+ 44. Ke4 Nxg2 45. Nc7
Kf7 46. Nd5 Bg7 47. Kf5 Nh4+ 48. Kg4 Ng6 49. Rc7+ Kf8 50. Ne3 Ne5+ 51. Kf5 Nf7
52. Nd5 Nd6+ 53. Ke6 1-0

[Event "VI Open Inverno Vomero"]
[Site "Napoli ITA"]
[Date "2011.02.11"]
[Round "5"]
[White "Marturano, Giampiero"]
[Black "Di Gennaro, Antonio"]
[Result "1-0"]
[WhiteElo "2068"]
[BlackElo "1659"]
[PlyCount "117"]
[EventDate "2011.01.14"]

1. e4 c5 2. d4 cxd4 3. c3 dxc3 4. Nxc3 Nc6 5. Nf3 d6 6. Bc4 e6 7. O-O Nf6 8.
Qe2 Be7 9. Rd1 e5 10. Be3 O-O 11. Rd2 Bg4 12. Rad1 Qb8 13. h3 Bh5 14. g4 Bg6
15. Bg5 Rd8 16. Bxf6 gxf6 17. Nd5 a6 18. Nh4 b5 19. Bb3 Qa7 20. Nf5 Bxf5 21.
gxf5 Kh8 22. Qh5 Rg8+ 23. Kh1 Nd4 24. Qh6 Rg7 25. Nxf6 Bf8 26. Qe3 Qe7 27. Nh5
Rg8 28. f6 Qd7 29. Rd3 Rg6 30. Rg1 Bh6 31. Qe1 Rag8 32. Rxg6 Rxg6 33. Bd1 Qe8
34. Rg3 Rxg3 35. fxg3 Qd8 36. Qc3 Bg5 37. Bg4 Bxf6 38. Qc8 Qxc8 39. Bxc8 Be7
40. Bxa6 h6 41. Kg2 Kh7 42. g4 Kg6 43. Ng3 Kg5 44. Nf5 h5 45. Nxe7 hxg4 46.
hxg4 Kxg4 47. Nd5 Kg5 48. Kf2 f5 49. exf5 Kxf5 50. Ke3 Kg5 51. Ke4 Kg6 52. Nc7
b4 53. Nb5 Nxb5 54. Bxb5 Kf6 55. Kd5 Ke7 56. Ba4 Kf6 57. Kxd6 e4 58. Kd5 e3 59.
Bd1 1-0

[Event "VI Open Inverno Vomero"]
[Site "Napoli ITA"]
[Date "2011.02.11"]
[Round "5"]
[White "Avolio, Giovanni"]
[Black "Esposito, Pino"]
[Result "1-0"]
[WhiteElo "1808"]
[BlackElo "1859"]
[PlyCount "67"]
[EventDate "2011.01.14"]

1. c4 Nf6 2. Nc3 e6 3. e4 c5 4. e5 Ng8 5. Nf3 Nc6 6. d4 cxd4 7. Nxd4 Qa5 8.
Ndb5 Nxe5 9. Bd2 Qd8 10. Bf4 d6 11. c5 a6 12. Nxd6+ Bxd6 13. cxd6 Ng6 14. Bg3
Nf6 15. Be2 O-O 16. h4 Re8 17. h5 Nf8 18. Qd2 Bd7 19. h6 g6 20. Bh4 Bc6 21. Qf4
N8d7 22. Bf3 e5 23. Qd2 Qb6 24. Bxc6 Qxc6 25. O-O Re6 26. Rad1 Ne4 27. Nxe4
Qxe4 28. Be7 g5 29. Rc1 Rxh6 30. Rfd1 Nf6 31. Bxf6 Rxf6 32. d7 Qd4 33. Qxd4
exd4 34. Rc8+ 1-0

[Event "VI Open Inverno Vomero"]
[Site "Napoli ITA"]
[Date "2011.02.11"]
[Round "5"]
[White "De Meo, Guido"]
[Black "Vannini, Aldo"]
[Result "0-1"]
[WhiteElo "1851"]
[BlackElo "1808"]
[PlyCount "52"]
[EventDate "2011.01.14"]

1. d4 e6 2. e4 d5 3. e5 Ne7 4. Nf3 b6 5. Bg5 Ba6 6. Bd3 Bxd3 7. Qxd3 Qd7 8. O-O
Nf5 9. c4 h6 10. Be3 Nxe3 11. fxe3 c5 12. cxd5 exd5 13. Nc3 c4 14. Qe2 Nc6 15.
Rac1 Bb4 16. e4 Bxc3 17. bxc3 O-O 18. Nh4 Rae8 19. Nf5 Re6 20. Nd6 Ne7 21. Rf3
Rg6 22. exd5 Nxd5 23. Qe4 Qg4 24. Qxg4 Rxg4 25. Nxc4 Rc8 26. Ne3 Nxc3 0-1

[Event "VI Open Inverno Vomero"]
[Site "Napoli ITA"]
[Date "2011.02.11"]
[Round "5"]
[White "Russo Spena, Vincenzo"]
[Black "Lombardo, Claudio"]
[Result "0-1"]
[WhiteElo "1409"]
[BlackElo "1772"]
[PlyCount "101"]
[EventDate "2011.01.14"]

1. d4 Nf6 2. Nf3 e6 3. c4 Be7 4. Nc3 b6 5. g3 Bb7 6. Bg2 d6 7. e3 Nbd7 8. Qc2
c5 9. O-O O-O 10. b3 a6 11. Bb2 Rc8 12. Ng5 Bxg2 13. Kxg2 cxd4 14. exd4 Re8 15.
Rfe1 Nf8 16. Rac1 d5 17. Qd3 Qd7 18. Nf3 Qb7 19. Kg1 dxc4 20. bxc4 Ng6 21. Ne4
Qd7 22. Ba3 Nxe4 23. Rxe4 Bf6 24. c5 bxc5 25. Bxc5 Qd5 26. Rd1 Qxa2 27. Re2 Qa5
28. Rc2 Rc6 29. Bb4 Qd5 30. Bc5 Rec8 31. Ra1 Rxc5 32. Rd2 Rc1+ 33. Rd1 Rxd1+
34. Rxd1 a5 35. Nd2 e5 36. Ne4 exd4 37. Qf3 Qa8 38. Qe2 a4 39. Nd6 Rf8 40. Qa2
Qc6 41. Nc4 Ne5 42. Nd2 Nf3+ 43. Nxf3 Qxf3 44. Qxa4 h6 45. Qc2 Re8 46. Qa4 Qe2
47. Kg2 Rd8 48. Ra1 d3 49. Ra2 d2 50. Qc2 Qe1 51. Qc3 0-1

[Event "VI Open Inverno Vomero"]
[Site "Napoli ITA"]
[Date "2011.02.18"]
[Round "6"]
[White "Rosato, Luciano"]
[Black "Supino, Domenico"]
[WhiteElo "2278"]
[BlackElo "2109"]
[Result "1-0"]
[PlyCount "81"]
[EventDate "2011.01.14"]

1. d4 d5 2. Nf3 Nf6 3. c4 c6 4. e3 e6 5. Nc3 Nbd7 6. Qc2 Bd6 7. cxd5 exd5 8.
Bd3 O-O 9. O-O h6 10. Rb1 a5 11. a3 Qe7 12. Bd2 Re8 13. Na4 Ne4 14. Rfc1 g5 15.
Be1 g4 16. Bxe4 dxe4 17. Nd2 h5 18. Nf1 b5 19. Qxc6 Ba6 20. Nb6 Nxb6 21. Qxb6
b4 22. axb4 Reb8 23. Qc6 Qe6 24. d5 Qg6 25. bxa5 Bb5 26. Qc3 Qf5 27. b4 Bxf1
28. Kxf1 Bxh2 29. Qd4 Be5 30. Qd1 h4 31. Kg1 Kg7 32. Bc3 Bxc3 33. Rxc3 g3 34.
Qe1 Qe5 35. Rc6 f6 36. Qe2 Qf5 37. fxg3 hxg3 38. Rf1 Qh7 39. Qg4+ Kh8 40. Qxg3
Rg8 41. Qh2 1-0

[Event "VI Open Inverno Vomero"]
[Site "Napoli ITA"]
[Date "2011.02.18"]
[Round "6"]
[White "Ficco, Corrado"]
[Black "Pinto, Gaetano"]
[WhiteElo "2130"]
[BlackElo "2023"]
[Result "1-0"]
[PlyCount "69"]
[EventDate "2011.01.14"]

1. e4 d6 2. d4 Nf6 3. Nc3 e5 4. Nf3 Nbd7 5. Bc4 Be7 6. O-O c6 7. a4 b6 8. d5
Bb7 9. Re1 cxd5 10. Bxd5 Nxd5 11. Nxd5 Nf6 12. Nxe7 Qxe7 13. Bg5 h6 14. Bxf6
Qxf6 15. a5 O-O 16. Qd3 Rfd8 17. c4 Rac8 18. axb6 axb6 19. Ra7 Bc6 20. b4 Ra8
21. Rc7 Rac8 22. Rxc8 Rxc8 23. b5 Bb7 24. Ra1 Qf4 25. Nd2 f5 26. Qxd6 fxe4 27.
Qxb6 Rf8 28. Qe3 Rd8 29. Nb3 Qf8 30. Nc5 Ra8 31. Re1 Bc8 32. Nxe4 Qb4 33. Rc1
Be6 34. Qd2 Qb3 35. Nc5 1-0

[Event "VI Open Inverno Vomero"]
[Site "Napoli ITA"]
[Date "2011.02.18"]
[Round "6"]
[White "Longobardi, Giuseppe"]
[Black "Zinnai, Graziano Matteo"]
[WhiteElo "2033"]
[BlackElo "1807"]
[Result "1/2-1/2"]
[PlyCount "104"]
[EventDate "2011.01.14"]

1. Nf3 d5 2. c4 c6 3. e3 Nf6 4. Qc2 g6 5. b3 Bf5 6. d3 Bg7 7. Bb2 O-O 8. Be2
Nbd7 9. Nbd2 Qb6 10. Nd4 Be6 11. Nxe6 fxe6 12. Nf3 Ng4 13. Bxg7 Kxg7 14. O-O
Ngf6 15. Qc3 c5 16. Ne5 Nxe5 17. Qxe5 Qd6 18. Qc3 b6 19. Bf3 Rad8 20. Rad1 d4
21. Qa1 Nd7 22. exd4 cxd4 23. Be4 Nc5 24. Rde1 Rf4 25. f3 Rdf8 26. Qb2 Nxe4 27.
Rxe4 Rxe4 28. fxe4 Rxf1+ 29. Kxf1 Qf4+ 30. Qf2 Qc1+ 31. Qe1 Qc2 32. Qe2 Qc1+
33. Kf2 Qf4+ 34. Qf3 Qxh2 35. Qg3 Qxg3+ 36. Kxg3 Kf6 37. b4 e5 38. Kg4 h6 39.
Kg3 Ke6 40. Kh3 Kd6 41. Kg3 a5 42. a3 axb4 43. axb4 Kc6 44. Kh4 Kd6 45. g3 Kc6
46. g4 Kd6 47. Kg3 Kc6 48. Kf3 Kd6 49. Ke2 Kc6 50. Kd2 Kd6 51. Ke2 Kc6 52. g5
h5 1/2-1/2

[Event "VI Open Inverno Vomero"]
[Site "Napoli ITA"]
[Date "2011.02.18"]
[Round "6"]
[White "Cerrato, Roberto"]
[Black "Di Meo, Antonio"]
[WhiteElo "1822"]
[BlackElo "1966"]
[Result "0-1"]
[PlyCount "48"]
[EventDate "2011.01.14"]

1. Nf3 Nf6 2. c4 c5 3. g3 e6 4. Bg2 Be7 5. O-O O-O 6. d4 cxd4 7. Nxd4 Nc6 8.
Nc3 a6 9. e4 Qb6 10. Nb3 d6 11. Be3 Qc7 12. Rc1 Re8 13. Na4 Nd7 14. Nc3 Nc5 15.
Nd4 Bf6 16. a3 Nxd4 17. Bxd4 Nd7 18. b3 Rb8 19. Qd2 b6 20. Qe3 e5 21. Nd5 exd4
22. Qf4 Qa7 23. Qxd6 Bb7 24. Nb4 Ne5 0-1

[Event "VI Open Inverno Vomero"]
[Site "Napoli ITA"]
[Date "2011.02.18"]
[Round "6"]
[White "Cosenza, Gianni"]
[Black "Schiappoli, Dario"]
[WhiteElo "1959"]
[BlackElo "1947"]
[Result "1/2-1/2"]
[PlyCount "66"]
[EventDate "2011.01.14"]

1. e4 c5 2. Nf3 d6 3. d4 cxd4 4. Nxd4 Nf6 5. Nc3 a6 6. f4 Qc7 7. a4 e6 8. Bd3
Nc6 9. Nb3 b6 10. Qe2 Bb7 11. Be3 Nb4 12. O-O d5 13. exd5 Nbxd5 14. Nxd5 Nxd5
15. Bd2 Bd6 16. Qg4 O-O-O 17. c4 h5 18. Qh4 Nxf4 19. Bxf4 Bxf4 20. Qh3 g5 21.
Be2 g4 22. Qh4 Be3+ 23. Kh1 Qc6 24. Rf2 Qe4 25. c5 Qc2 26. Bxa6 Rd1+ 27. Rxd1
Qxd1+ 28. Rf1 Rd8 29. Bxb7+ Kxb7 30. Qe7+ Rd7 31. Rxd1 Rxe7 32. Rd3 Bxc5 33.
Nxc5+ bxc5 1/2-1/2

[Event "VI Open Inverno Vomero"]
[Site "Napoli ITA"]
[Date "2011.02.18"]
[Round "6"]
[White "Esposito, Rosario"]
[Black "Taurisano, Vincenzo"]
[WhiteElo "1833"]
[BlackElo "1863"]
[Result "1-0"]
[PlyCount "75"]
[EventDate "2011.01.14"]

1. d4 d5 2. c4 e6 3. Nc3 Nf6 4. Bg5 Nbd7 5. e3 Be7 6. Nf3 O-O 7. Qc2 c5 8. dxc5
Nxc5 9. cxd5 exd5 10. Be2 Nce4 11. O-O Bf5 12. Bd3 Rc8 13. Rac1 b5 14. Qb1 a6
15. Rfd1 Nxc3 16. Rxc3 Rxc3 17. bxc3 Ne4 18. Bxe7 Qxe7 19. Qb2 Rc8 20. Nd4 Bg4
21. Rc1 h5 22. Kh1 Qh4 23. g3 Qf6 24. f4 h4 25. Bxe4 dxe4 26. Qf2 h3 27. Kg1
Qd6 28. f5 Qa3 29. Qc2 Bf3 30. Kf2 Bg2 31. Ne2 b4 32. Qb3 Qxb3 33. axb3 bxc3
34. Rxc3 Rd8 35. Nd4 Kf8 36. Rc7 Rd5 37. Ra7 Ra5 38. Ra8+ 1-0

[Event "VI Open Inverno Vomero"]
[Site "Napoli ITA"]
[Date "2011.02.18"]
[Round "6"]
[White "Vannini, Aldo"]
[Black "Marturano, Giampiero"]
[WhiteElo "1808"]
[BlackElo "2068"]
[Result "0-1"]
[PlyCount "114"]
[EventDate "2011.01.14"]

1. d4 d5 2. e3 Nf6 3. Nf3 Bg4 4. Be2 e6 5. O-O Bd6 6. Nbd2 Nbd7 7. h3 Bh5 8. c4
c6 9. b3 O-O 10. Bb2 Ne4 11. Rc1 f5 12. Ne5 Bxe2 13. Qxe2 Qc7 14. Ndf3 Ndf6 15.
c5 Be7 16. b4 g5 17. Nh2 Bd8 18. Qe1 Nd7 19. f3 Nef6 20. g4 Nxe5 21. dxe5 Ne8
22. Rc2 Qg7 23. f4 h6 24. Nf3 fxg4 25. Nd4 Nc7 26. hxg4 Kh7 27. Rg2 a5 28. bxa5
Be7 29. Qb1+ Kg8 30. f5 Bxc5 31. Nxe6 Bxe3+ 32. Kh1 Nxe6 33. fxe6 d4 34. Ba3
Rxf1+ 35. Qxf1 Bf4 36. Qc4 Qxe5 37. Re2 Qd5+ 38. Qxd5 cxd5 39. Bb4 d3 40. Rb2
Re8 41. e7 d2 42. Rb1 Kf7 43. Rd1 Ke6 44. Kg2 Bd6 45. Bc3 Rxe7 46. Rxd2 Bf4 47.
Rb2 Kf7 48. Rb6 Rc7 49. Be1 d4 50. Kf3 d3 51. Rxh6 Re7 52. Bb4 d2 53. Bxd2 Bxd2
54. a6 bxa6 55. Rxa6 Bf4 56. Ra4 Re3+ 57. Kf2 Rg3 0-1

[Event "VI Open Inverno Vomero"]
[Site "Napoli ITA"]
[Date "2011.02.18"]
[Round "6"]
[White "Franzese, Luigi"]
[Black "Avolio, Giovanni"]
[WhiteElo "1890"]
[BlackElo "1808"]
[Result "0-1"]
[PlyCount "116"]
[EventDate "2011.01.14"]

1. Nf3 g6 2. d4 Bg7 3. e4 d6 4. c4 Nf6 5. Nc3 O-O 6. Be2 e5 7. dxe5 dxe5 8. O-O
Nc6 9. Bg5 Be6 10. Nd5 h6 11. Bxf6 Bxf6 12. Qd2 Bg7 13. Rad1 Bg4 14. Ne1 Bxe2
15. Qxe2 Nd4 16. Qd3 c6 17. Nc3 Qe7 18. Nf3 Rfd8 19. Nxd4 Rxd4 20. Qe2 Rad8 21.
a3 Qg5 22. Rxd4 exd4 23. f4 Qa5 24. Nd1 d3 25. Qf3 Qc5+ 26. Kh1 Qxc4 27. e5 d2
28. Ne3 Qb3 29. Nd1 Qxf3 30. Rxf3 g5 31. g3 Rd4 32. Rf2 gxf4 33. gxf4 h5 34.
Kg2 Bh6 35. Kg3 Kf8 36. Rf1 Ke7 37. Rf3 Ke6 38. Rf1 Kf5 39. Ne3+ Ke4 40. Nd1
Rd3+ 41. Kg2 Rb3 42. Nc3+ Rxc3 43. bxc3 Ke3 44. f5 Ke2 45. e6 fxe6 46. fxe6 Bg5
47. Rf2+ Kd1 48. Rf1+ Kc2 49. Rf2 Kc1 50. Rf1+ d1=Q 51. Rxd1+ Kxd1 52. Kf3 Kc2
53. Ke4 Kxc3 54. Ke5 Be7 55. Kf5 Kd4 56. Kg6 h4 57. Kf7 Bxa3 58. e7 Bxe7 0-1

[Event "VI Open Inverno Vomero"]
[Site "Napoli ITA"]
[Date "2011.02.18"]
[Round "6"]
[White "Caiazzo, Diego"]
[Black "Accardo, Francesco"]
[WhiteElo "1863"]
[BlackElo "1845"]
[Result "0-1"]
[PlyCount "120"]
[EventDate "2011.01.14"]

1. Nf3 d5 2. b3 c5 3. e3 a6 4. Bb2 Nd7 5. Be2 Qc7 6. O-O e5 7. d3 b5 8. c4 d4
9. exd4 cxd4 10. Nbd2 b4 11. Ne4 f5 12. Ng3 g6 13. Nd2 Ngf6 14. Bf3 Rb8 15. Qe2
Kf7 16. Rfe1 Bc5 17. Rac1 h5 18. Bd5+ Kg7 19. Nf3 Re8 20. Ng5 Nb6 21. Bf3 h4
22. Nf1 Qd8 23. Qd2 Qd6 24. Nh3 Nbd7 25. Rcd1 Nf8 26. Bc1 e4 27. Qh6+ Kg8 28.
Be2 Rb7 29. Ng5 Rg7 30. Qxh4 Bb7 31. Qg3 Qc6 32. h4 Nh5 33. Bxh5 gxh5 34. Qh2
Ng6 35. Ng3 Bd6 36. dxe4 fxe4 37. Rxe4 Rxe4 38. N5xe4 Qxe4 39. Nxe4 Bxh2+ 40.
Kxh2 Bxe4 41. Rxd4 Bb1 42. c5 a5 43. a3 Ne5 44. axb4 axb4 45. Rxb4 Ng4+ 46. Kg1
Rd7 47. Rxg4+ hxg4 48. Bf4 Be4 49. Bd6 Bc6 50. Kh2 Rb7 51. Kg3 Rxb3+ 52. Kxg4
Bxg2 53. f4 Kf7 54. h5 Bh3+ 55. Kh4 Bd7 56. h6 Kg6 57. f5+ Bxf5 58. Bg3 Rb4+
59. Bf4 Rxf4+ 60. Kg3 Rc4 0-1

[Event "VI Open Inverno Vomero"]
[Site "Napoli ITA"]
[Date "2011.02.18"]
[Round "6"]
[White "Chiummo, Sergio"]
[Black "Esposito, Pino"]
[WhiteElo "1937"]
[BlackElo "1859"]
[Result "0-1"]
[PlyCount "130"]
[EventDate "2011.01.14"]

1. c4 Nf6 2. g3 c6 3. Bg2 d5 4. cxd5 cxd5 5. d4 Nc6 6. Nc3 e6 7. Bg5 Qb6 8. Nf3
Qxb2 9. Na4 Qb4+ 10. Bd2 Qd6 11. Rb1 b6 12. O-O Ba6 13. Nc3 Rc8 14. Qa4 Bb7 15.
Rfc1 Qd7 16. Nd1 Bd6 17. Nb2 O-O 18. e3 Rc7 19. Qd1 Rfc8 20. Nd3 Qe7 21. Nfe5
Ne4 22. Be1 f6 23. Nxc6 Rxc6 24. f3 Nc3 25. Bxc3 Rxc3 26. Rb3 Rxc1 27. Nxc1 Qc7
28. Nd3 Qc2 29. Qxc2 Rxc2 30. Rb2 Rc3 31. Rb3 Rc2 32. Rb2 Rxb2 33. Nxb2 Ba3 34.
Nd1 Ba6 35. Bf1 Bc4 36. Nc3 Bc1 37. Kf2 Bxf1 38. Kxf1 Bxe3 39. Nb5 a6 40. Nc7
Kf7 41. Nxa6 Bxd4 42. Ke2 Ke7 43. Kd3 Bg1 44. h3 Kd6 45. Nb8 f5 46. a4 h5 47.
Na6 g5 48. g4 hxg4 49. hxg4 fxg4 50. fxg4 e5 51. Nb8 e4+ 52. Ke2 d4 53. Kd2 d3
54. Na6 Bc5 55. Nb8 Bb4+ 56. Ke3 d2 57. Ke2 e3 58. Na6 Ba5 59. Nb8 Kd5 60. Nd7
Kd4 61. Nf6 Bb4 62. Nh5 Bd6 63. Ng7 d1=Q+ 64. Kxd1 Kd3 65. Nf5 e2+ 0-1

[Event "VI Open Inverno Vomero"]
[Site "Napoli ITA"]
[Date "2011.02.25"]
[Round "7"]
[White "Supino, Domenico"]
[Black "Zinnai, Graziano Matteo"]
[WhiteElo "2109"]
[BlackElo "1807"]
[Result "1/2-1/2"]
[PlyCount "74"]
[EventDate "2011.01.14"]

1. e4 c6 2. d4 d5 3. exd5 cxd5 4. c4 Nf6 5. Nc3 Nc6 6. Bg5 Qa5 7. Bxf6 gxf6 8.
cxd5 Nb4 9. Bc4 Bf5 10. Rc1 Bh6 11. Bb5+ Kf8 12. a3 Nxd5 13. Nge2 Bxc1 14. Qxc1
e6 15. O-O Rc8 16. Qh6+ Ke7 17. Nxd5+ exd5 18. Nc3 Rxc3 19. Re1+ Be6 20. bxc3
Qxb5 21. f4 f5 22. Rxe6+ fxe6 23. Qg7+ Kd6 24. Qxh8 Qb1+ 25. Kf2 Qc2+ 26. Kf1
Qd1+ 27. Kf2 Qd2+ 28. Kf1 Qxf4+ 29. Kg1 Qe3+ 30. Kf1 Qd3+ 31. Kf2 Qd2+ 32. Kf1
Qc1+ 33. Kf2 Qc2+ 34. Kg1 Qc1+ 35. Kf2 Qc2+ 36. Kg1 Qc1+ 37. Kf2 Qc2+ 1/2-1/2

[Event "VI Open Inverno Vomero"]
[Site "Napoli ITA"]
[Date "2011.02.25"]
[Round "7"]
[White "Marturano, Giampiero"]
[Black "Esposito, Rosario"]
[WhiteElo "2068"]
[BlackElo "1833"]
[Result "1-0"]
[PlyCount "39"]
[EventDate "2011.01.14"]

1. e4 c5 2. d4 cxd4 3. c3 dxc3 4. Nxc3 Nc6 5. Nf3 g6 6. h4 Bg7 7. h5 gxh5 8.
Bc4 e6 9. Rxh5 Nge7 10. Qd6 Ng6 11. Nb5 Qe7 12. Nc7+ Kd8 13. Bg5 f6 14. Nxe6+
Ke8 15. Nxg7+ Qxg7 16. Bh6 Qe7 17. Qxe7+ Kxe7 18. Bg7 Re8 19. Rxh7 Kd6 20.
O-O-O+ 1-0

[Event "VI Open Inverno Vomero"]
[Site "Napoli ITA"]
[Date "2011.02.25"]
[Round "7"]
[White "Accardo, Francesco"]
[Black "Schiappoli, Dario"]
[WhiteElo "1845"]
[BlackElo "1947"]
[Result "1-0"]
[PlyCount "73"]
[EventDate "2011.01.14"]

1. Nf3 c5 2. c4 Nf6 3. Nc3 d5 4. cxd5 Nxd5 5. g3 Nc6 6. Bg2 Nxc3 7. bxc3 e5 8.
h4 Be7 9. Qc2 Be6 10. a4 f6 11. d3 Qd7 12. Nd2 O-O 13. Ne4 Rad8 14. Be3 b6 15.
c4 Nd4 16. Qb2 h6 17. Nc3 f5 18. Nd5 Bf6 19. Bxd4 cxd4 20. Qb5 Kh8 21. Qxd7
Rxd7 22. O-O e4 23. Nf4 Bf7 24. dxe4 g5 25. hxg5 hxg5 26. Nd5 Bg7 27. Ra2 fxe4
28. Bxe4 Be6 29. Kg2 Rc8 30. Rh1+ Kg8 31. Rc2 Bxd5 32. cxd5 Rxc2 33. Bxc2 Rc7
34. Be4 Be5 35. Rh5 Bf6 36. Rh6 Kf7 37. Bf5 1-0

[Event "VI Open Inverno Vomero"]
[Site "Napoli ITA"]
[Date "2011.02.25"]
[Round "7"]
[White "Taurisano, Vincenzo"]
[Black "Avolio, Giovanni"]
[WhiteElo "1863"]
[BlackElo "1808"]
[Result "1/2-1/2"]
[PlyCount "92"]
[EventDate "2011.01.14"]

1. d4 Nf6 2. c4 g6 3. Nc3 Bg7 4. e4 d6 5. f3 O-O 6. Be3 e5 7. d5 c6 8. Qd2 cxd5
9. cxd5 a6 10. g4 h5 11. g5 Nh7 12. h4 f5 13. O-O-O f4 14. Bf2 b5 15. Kb1 Nd7
16. Bh3 Nb6 17. Bxc8 Rxc8 18. b3 b4 19. Bxb6 Qxb6 20. Na4 Qb7 21. Ne2 Rf7 22.
Rc1 Rfc7 23. Rxc7 Rxc7 24. Nc1 Bf8 25. Nd3 a5 26. Nab2 Be7 27. Nc4 Qa6 28. Rc1
Nf8 29. Qf2 Nd7 30. Qf1 Nc5 31. Nxc5 Rxc5 32. Qh3 Qc8 33. Qxc8+ Rxc8 34. Nd2
Rxc1+ 35. Kxc1 Bd8 36. Nc4 Bc7 37. Kd2 Kf8 38. Kd3 Ke7 39. Nd2 Bb6 40. Kc4 Bf2
41. Kb5 Bxh4 42. Kxa5 Be1 43. Nf1 Kd7 44. Kb5 Kc7 45. Ka6 Bf2 46. Kb5 Be1
1/2-1/2

[Event "VI Open Inverno Vomero"]
[Site "Napoli ITA"]
[Date "2011.02.25"]
[Round "7"]
[White "Improta, Giovanni"]
[Black "Franzese, Luigi"]
[WhiteElo "1859"]
[BlackElo "1890"]
[Result "1-0"]
[PlyCount "91"]
[EventDate "2011.01.14"]

1. e4 c5 2. Nf3 Nc6 3. d4 cxd4 4. Nxd4 e6 5. Be2 Nf6 6. f3 a6 7. Nxc6 bxc6 8.
O-O Qb6+ 9. Kh1 Be7 10. c4 O-O 11. e5 Ne8 12. f4 f6 13. Nc3 Qc7 14. Qd4 c5 15.
Qe3 Bb7 16. Bd2 Rb8 17. b3 Kh8 18. Bf3 f5 19. Rad1 Rd8 20. Bc1 g6 21. Ba3 Bxf3
22. Rxf3 Ng7 23. Qe2 d6 24. Rfd3 dxe5 25. fxe5 Rxd3 26. Rxd3 Rd8 27. Rxd8+ Qxd8
28. Na4 Kg8 29. Bxc5 Bxc5 30. Nxc5 Qd4 31. Nd3 Nh5 32. g3 f4 33. g4 Ng7 34. Qf3
Qa1+ 35. Kg2 Qxa2+ 36. Nf2 g5 37. Qd3 Kf7 38. c5 Qa5 39. Ne4 h6 40. Qd7+ Kg6
41. Qd3 Kf7 42. Nd6+ Kf8 43. c6 Qc5 44. Qc4 Qxc4 45. bxc4 Ke7 46. c7 1-0

[Event "VI Open Inverno Vomero"]
[Site "Napoli ITA"]
[Date "2011.02.25"]
[Round "7"]
[White "De Meo, Guido"]
[Black "Caiazzo, Diego"]
[WhiteElo "1851"]
[BlackElo "1863"]
[Result "0-1"]
[PlyCount "46"]
[EventDate "2011.01.14"]

1. c4 e6 2. Nf3 d5 3. g3 Nf6 4. Nc3 Be7 5. Bg2 O-O 6. cxd5 exd5 7. d4 c6 8. O-O
Nbd7 9. Qc2 Re8 10. Rd1 Bf8 11. a3 Nb6 12. Bg5 h6 13. Bf4 Nc4 14. Nd2 Nxd2 15.
Bxd2 Bg4 16. f3 Bh5 17. Be1 Bg6 18. Qb3 Qb6 19. Qxb6 axb6 20. Bf2 b5 21. b4 Bc2
22. Rd2 Bb3 23. e4 Bxb4 0-1

[Event "VI Open Inverno Vomero"]
[Site "Napoli ITA"]
[Date "2011.02.25"]
[Round "7"]
[White "Esposito, Pino"]
[Black "Vannini, Aldo"]
[WhiteElo "1859"]
[BlackElo "1808"]
[Result "1/2-1/2"]
[PlyCount "83"]
[EventDate "2011.01.14"]

1. e4 e6 2. Nf3 d5 3. exd5 exd5 4. d4 Bd6 5. c4 c6 6. Nc3 Ne7 7. Be2 h6 8. O-O
Be6 9. c5 Bc7 10. Re1 Nd7 11. Bd3 a5 12. Qc2 O-O 13. Nh4 Nf6 14. Ne2 Re8 15.
Nf4 Bc8 16. Nf3 Ne4 17. Bxe4 dxe4 18. Qxe4 Bf5 19. Qe2 g5 20. Nh5 Nd5 21. Qd2
Bg6 22. Rxe8+ Qxe8 23. g4 Qe4 24. Ne5 Bxe5 25. dxe5 Qxe5 26. a3 a4 27. Qd1 Qe4
28. Ng3 Qd3 29. Qxd3 Bxd3 30. Bd2 Re8 31. Rc1 Nf6 32. h3 Kh7 33. Bc3 Kg6 34.
Rd1 Bc2 35. Rd6 Re6 36. Kg2 Rxd6 37. cxd6 Nd7 38. f3 f5 39. gxf5+ Bxf5 40. Ne4
b5 41. Kg3 Be6 42. h4 1/2-1/2

[Event "VI Open Inverno Vomero"]
[Site "Napoli ITA"]
[Date "2011.02.25"]
[Round "7"]
[White "Morace, Vitaliano"]
[Black "Chiummo, Sergio"]
[WhiteElo "1607"]
[BlackElo "1937"]
[Result "0-1"]
[PlyCount "50"]
[EventDate "2011.01.14"]

1. e4 e6 2. d4 d5 3. Nc3 Nf6 4. e5 Nfd7 5. Nf3 c5 6. Be3 Nc6 7. Be2 cxd4 8.
Bxd4 Nxd4 9. Nxd4 Nxe5 10. Bb5+ Bd7 11. Qh5 Nc6 12. O-O-O a6 13. Bxc6 bxc6 14.
Rhe1 Qf6 15. Nf3 Bb4 16. Rxd5 Bxc3 17. Rxd7 Bxb2+ 18. Kd1 Kxd7 19. Ne5+ Bxe5
20. Rxe5 g6 21. Qe2 Rhd8 22. Ke1 Rab8 23. f3 Ke7 24. Re3 Rb1+ 25. Kf2 Qh4+ 0-1

[Event "VI Open Inverno Vomero"]
[Site "Napoli ITA"]
[Date "2011.02.25"]
[Round "7"]
[White "Parente, Giuseppe"]
[Black "Di Gennaro, Antonio"]
[WhiteElo "1703"]
[BlackElo "1659"]
[Result "1-0"]
[PlyCount "83"]
[EventDate "2011.01.14"]

1. Nf3 Nf6 2. g3 b6 3. Bg2 Bb7 4. O-O e6 5. c4 Be7 6. b3 d6 7. Bb2 Nbd7 8. Nc3
O-O 9. d4 Ne4 10. Qc2 Nxc3 11. Bxc3 c6 12. Rad1 d5 13. Rfe1 f5 14. e3 Rc8 15.
Qb2 g5 16. cxd5 cxd5 17. Rc1 Qe8 18. Qd2 g4 19. Ne5 Nxe5 20. dxe5 Qd7 21. Bb4
Bxb4 22. Qxb4 Qg7 23. Qd6 Qf7 24. Bf1 Rcd8 25. Qa3 Ba8 26. Bg2 Qb7 27. Qb2 Rc8
28. Rc2 Rxc2 29. Qxc2 Rc8 30. Qb2 Qc7 31. Bf1 Qc3 32. Qa1 Qxa1 33. Rxa1 Rc3 34.
h3 gxh3 35. Bxh3 Kg7 36. Bf1 Bc6 37. Ba6 Bd7 38. Re1 Rc2 39. a4 Kf7 40. Rb1 Kg6
41. g4 fxg4 42. Bd3+ 1-0